000 01186nam0a2200301 4500
001 RU\NLR\bibl\62265
005 20260406142027.0
021 _aRU
_b99-25052
_91224
035 _a(NLR Aleph) 000060757
090 _a330813
_c330813
100 _a19991206d1999 |||y0rusy50 ca
101 0 _arus
102 _aRU
105 _ay |||||||||
200 1 _aАренда жилых и нежилых помещений
_f[Владимирская А.С.]
_gАгентство "Бизнес-информ"
210 _aМ.
_cБизнес-информ
_d1999
215 _a217 с.
_d20
606 0 _aЖилая площадь
_xАренда
_yРоссийская Федерация
_92138324
_3RU\NLR\auth\661289151
606 0 _aНежилые помещения
_xАренда
_yРоссийская Федерация
_92138326
_3RU\NLR\auth\661289152
686 _aУ44(2)12-17
700 1 _aВладимирская
_bА. С.
_4070
712 0 2 _4570
_a"Бизнес-информ", агентство
_cМосква
_3RU\NLR\AUTH\889921146
_9338449
801 0 _aRU
_bNLR
_c19991206
_gPSBO
801 1 _aRU
_bNLR
_c19991206
852 _aNLR
_j99-3/15709
942 _cBOOK
980 _aNB